[Event "Team match"]
[Site "London"]
[Date "1985.11.07"]
[Round "?"]
[White "Stebbings, A."]
[Black "Gillam, S."]
[Result "1-0"]
[WhiteElo "2240"]
[BlackElo "2144"]
[PlyCount "85"]
[EventDate "1985.??.??"]

1. e4 e5 2. Nf3 Nc6 3. Bb5 a6 4. Ba4 Nf6 5. O-O Be7 6. d4 exd4 7. Re1 O-O 8. e5
Ne8 9. Bf4 d6 10. Bxc6 bxc6 11. Nxd4 Bd7 12. Qf3 d5 13. Nc3 Rb8 14. Nb3 Qc8 15.
Qe3 Bg4 16. h3 Bh5 17. Bg5 Bxg5 18. Qxg5 Bg6 19. Re2 f6 20. exf6 Rxf6 21. Na4
Nd6 22. f3 Bf7 23. Kh2 h6 24. Qh4 Nf5 25. Qf4 Nd6 26. Qd4 Qf8 27. c3 Nf5 28.
Qc5 Qd8 29. Nd4 Nxd4 30. Qxd4 Qd6+ 31. Kg1 Qg3 32. Qf2 Qg5 33. Nc5 Rb5 34. Rae1
d4 35. Ne4 Qg6 36. Nxf6+ Qxf6 37. Qxd4 Qxd4+ 38. cxd4 Bxa2 39. Ra1 Bc4 40. Rc2
Rb4 41. Kf2 Bb5 42. Rd2 Kf7 43. Re1 1-0

[Event "Kent league"]
[Site "?"]
[Date "1985.11.11"]
[Round "?"]
[White "Everson, R."]
[Black "Stebbings, A."]
[Result "0-1"]
[WhiteElo "1904"]
[BlackElo "2240"]
[PlyCount "70"]
[EventDate "1985.??.??"]

1. d4 Nf6 2. c4 g6 3. Nc3 d5 4. Nf3 Bg7 5. g3 O-O 6. Bg2 dxc4 7. O-O Nc6 8. Bg5
h6 9. Bxf6 Bxf6 10. e3 Bf5 11. Qa4 Bd3 12. Rfc1 e5 13. d5 Ne7 14. Ne1 c6 15.
Nxd3 cxd3 16. Rd1 Nxd5 17. Nxd5 cxd5 18. Rxd3 d4 19. exd4 exd4 20. Bxb7 Rb8 21.
Bg2 Qe7 22. Qc2 Rfc8 23. Qd2 Bg5 24. f4 Bf6 25. Rc1 Qe6 26. Rxc8+ Rxc8 27. Ra3
Qf5 28. Rd3 Rc1+ 29. Bf1 Qc5 30. b4 Qc6 31. a3 Rc2 32. Qd1 h5 33. Qe1 Kg7 34.
Qd1 h4 35. Qe1 hxg3 0-1

[Event "London league"]
[Site "?"]
[Date "1985.11.21"]
[Round "?"]
[White "Lee, E."]
[Black "Stebbings, A."]
[Result "0-1"]
[WhiteElo "2304"]
[BlackElo "2240"]
[PlyCount "96"]
[EventDate "1985.??.??"]

1. e4 c5 2. c3 Nf6 3. d3 d5 4. e5 Nfd7 5. f4 e6 6. Nf3 Nc6 7. Be2 f6 8. O-O
fxe5 9. fxe5 Ndxe5 10. Nxe5 Nxe5 11. d4 Nf7 12. Bb5+ Bd7 13. Qe2 Qe7 14. Nd2
O-O-O 15. dxc5 Bxb5 16. Qxb5 Qxc5+ 17. Qxc5+ Bxc5+ 18. Kh1 Rd7 19. Nb3 Bb6 20.
a4 a5 21. Bd2 Nd6 22. Rae1 Re8 23. Bf4 Nc4 24. Nd4 Bxd4 25. cxd4 Nxb2 26. Rb1
Nc4 27. Rfc1 Kd8 28. Bg5+ Kc7 29. Rc3 Rf7 30. g3 Rf2 31. Kg1 Rf7 32. Bf4+ Kc6
33. Rb5 b6 34. Rcb3 Kb7 35. Rb1 Kc6 36. Kg2 Ref8 37. h4 Rxf4 38. gxf4 Rxf4 39.
Re1 Kd6 40. Rd1 Rxh4 41. Rb3 g5 42. Kg3 h5 43. Kg2 Rg4+ 44. Kh3 Rh4+ 45. Kg2
Rg4+ 46. Kh3 Re4 47. Rg3 g4+ 48. Kh4 Ne3 0-1

[Event "County match"]
[Site "?"]
[Date "1985.11.23"]
[Round "?"]
[White "Blackwell, R."]
[Black "Stebbings, A."]
[Result "1/2-1/2"]
[WhiteElo "2072"]
[BlackElo "2240"]
[PlyCount "62"]
[EventDate "1985.??.??"]

1. c4 Nf6 2. Nf3 c5 3. d4 cxd4 4. Nxd4 b6 5. Nc3 Bb7 6. Bg5 d6 7. e3 Nbd7 8.
Nf3 e6 9. Be2 Be7 10. O-O a6 11. Rc1 O-O 12. Nd4 Rc8 13. b3 h6 14. Bh4 Nc5 15.
Bxf6 Bxf6 16. Bf3 Qc7 17. Bxb7 Qxb7 18. Qd2 Rfd8 19. Rfd1 Ne4 20. Nxe4 Qxe4 21.
Qb4 Qb7 22. Nf3 Be7 23. Qe1 b5 24. cxb5 axb5 25. Qd2 d5 26. Rxc8 Rxc8 27. Rc1
b4 28. Nd4 g6 29. Rxc8+ Qxc8 30. Qc2 Qa6 31. g3 Kg7 1/2-1/2

[Event "Kent league"]
[Site "?"]
[Date "1985.12.04"]
[Round "?"]
[White "McAllan, I."]
[Black "Stebbings, A."]
[Result "0-1"]
[WhiteElo "2064"]
[BlackElo "2240"]
[PlyCount "52"]
[EventDate "1985.??.??"]

1. e4 c5 2. c3 Nf6 3. e5 Nd5 4. d4 cxd4 5. cxd4 d6 6. Nf3 e6 7. a3 Be7 8. Bd3
Bd7 9. O-O Bc6 10. Nbd2 Nd7 11. b4 a6 12. Nc4 Qc7 13. Bg5 dxe5 14. Bxe7 Nxe7
15. dxe5 O-O 16. Re1 h6 17. Rc1 Rfd8 18. Nd4 Bd5 19. Qh5 Nc6 20. Nxc6 Bxc6 21.
f4 Nb6 22. Nd6 Nc8 23. Be4 Nxd6 24. Bxc6 bxc6 25. exd6 Qxd6 26. Qe5 Rab8 0-1

[Event "County match"]
[Site "?"]
[Date "1985.12.14"]
[Round "?"]
[White "Stebbings, A."]
[Black "Robson, I."]
[Result "1-0"]
[WhiteElo "2240"]
[BlackElo "2120"]
[PlyCount "82"]
[EventDate "1985.??.??"]

1. e4 e5 2. Nf3 Nc6 3. Bb5 a6 4. Ba4 Nf6 5. O-O b5 6. Bb3 Nxe4 7. d4 d5 8. dxe5
Be6 9. Qe2 g5 10. c4 bxc4 11. Ba4 Bd7 12. e6 fxe6 13. Bxc6 Bxc6 14. Ne5 Bb7 15.
Qh5+ Ke7 16. Bxg5+ Nxg5 17. Qxg5+ Ke8 18. Qh5+ Ke7 19. Rd1 Qe8 20. Qg5+ Kd6 21.
Qf4 Qh5 22. Nc3 Ke7 23. Nxc4 Rc8 24. Ne5 c5 25. Re1 Bh6 26. Qg4 Qxg4 27. Nxg4
Bg7 28. Ne5 d4 29. Na4 Bxe5 30. Rxe5 Kd6 31. Rae1 Rhe8 32. Nb6 Rc6 33. Nc4+ Kd7
34. b3 Rc7 35. f4 Rg8 36. g3 Bd5 37. Nb6+ Kc6 38. Nxd5 exd5 39. Re6+ Kb5 40.
Rd6 a5 41. Rxd5 Kb4 1-0

[Event "London league"]
[Site "?"]
[Date "1985.12.16"]
[Round "?"]
[White "Stebbings, A."]
[Black "Sugden, J."]
[Result "1/2-1/2"]
[WhiteElo "2240"]
[BlackElo "2200"]
[PlyCount "62"]
[EventDate "1985.??.??"]

1. e4 c5 2. Nf3 e6 3. d4 cxd4 4. Nxd4 a6 5. Nc3 b5 6. Bd3 Bb7 7. O-O Qc7 8. Be3
Nf6 9. a3 Nc6 10. Nb3 Ne5 11. h3 d5 12. exd5 Nxd5 13. Nxd5 Bxd5 14. Bd4 Bd6 15.
Re1 Nxd3 16. cxd3 O-O 17. Rc1 Qe7 18. Nc5 f5 19. Qd2 Qh4 20. Be5 Bxe5 21. Rxe5
Rf6 22. Kh2 Rh6 23. Rh1 f4 24. Ne4 f3 25. Ng5 fxg2 26. Rhe1 Rf8 27. Kg1 Rg6 28.
Qe3 Rxg5 29. Rxg5 Rf3 30. Qe5 Qh6 31. Rc1 g6 1/2-1/2

[Event "London league"]
[Site "?"]
[Date "1986.01.08"]
[Round "?"]
[White "Stebbings, A."]
[Black "Benjamin, J."]
[Result "0-1"]
[WhiteElo "2240"]
[BlackElo "2120"]
[PlyCount "120"]
[EventDate "1986.??.??"]

1. e4 e5 2. Nf3 Nc6 3. Bb5 a6 4. Ba4 Nf6 5. O-O Be7 6. d4 exd4 7. Re1 b5 8. e5
Nxe5 9. Rxe5 d6 10. Re1 bxa4 11. Nxd4 Bd7 12. Qf3 O-O 13. Nc6 Bxc6 14. Qxc6 Nd7
15. Nc3 Bf6 16. Qxa4 Bxc3 17. bxc3 Nc5 18. Qc4 Qd7 19. a4 Rfe8 20. Rxe8+ Rxe8
21. Be3 Re4 22. Bd4 Qe8 23. h3 h6 24. a5 Qe6 25. Qb4 Nd7 26. Qb7 c5 27. Be3 d5
28. Rd1 Re5 29. Kh2 Kh7 30. Qc8 Re4 31. Qb7 d4 32. Bc1 f5 33. Rd2 Qd6+ 34. g3
Ne5 35. Kg2 Nc4 36. Rd3 Nxa5 37. Qf7 Re5 38. Bf4 Qc6+ 39. Kh2 Rd5 40. cxd4 cxd4
41. Be3 Qc5 42. c3 Nc6 43. Bxd4 Nxd4 44. Rxd4 Re5 45. Qc4 a5 46. Kg2 Qe7 47.
Qd3 Qb7+ 48. Qf3 Qxf3+ 49. Kxf3 Rc5 50. Ke2 Rxc3 51. Rd5 f4 52. Rxa5 fxg3 53.
fxg3 Rxg3 54. h4 Kg6 55. Kf2 Rh3 56. Ra4 Kh5 57. Ra7 g6 58. Rh7 Rxh4 59. Kf3
Ra4 60. Kg3 Ra3+ 0-1

[Event "County match"]
[Site "?"]
[Date "1986.01.18"]
[Round "?"]
[White "Stebbings, A."]
[Black "Elliston, R."]
[Result "1/2-1/2"]
[WhiteElo "2240"]
[BlackElo "2112"]
[PlyCount "64"]
[EventDate "1986.??.??"]

1. d4 e6 2. e4 d5 3. Nd2 a6 4. Ngf3 c5 5. exd5 exd5 6. dxc5 Bxc5 7. Nb3 Bb6 8.
Be2 Nf6 9. O-O O-O 10. c3 Nc6 11. Nbd4 Re8 12. Bf4 Ne4 13. Re1 Qf6 14. Be3 Bc7
15. Qd3 Bg4 16. Rad1 Bh5 17. Qc2 Rad8 18. Nxc6 bxc6 19. Nd2 Nxf2 20. Bxh5 Nxd1
21. Qxd1 Rxe3 22. Rxe3 Bb6 23. Nf1 Re8 24. Qe2 Qf4 25. Qf2 Rxe3 26. Qxf4 Rf3+
27. Qd4 Bxd4+ 28. cxd4 Rf4 29. Be2 a5 30. Nd2 Rxd4 31. Nb3 Rb4 32. Nxa5 Rxb2
1/2-1/2

[Event "National Club ch."]
[Site "?"]
[Date "1986.01.26"]
[Round "?"]
[White "Stebbings, A."]
[Black "McMichael, R."]
[Result "1-0"]
[WhiteElo "2240"]
[BlackElo "2080"]
[PlyCount "87"]
[EventDate "1986.??.??"]

1. d4 Nf6 2. c4 g6 3. Nc3 Bg7 4. e4 d6 5. f3 O-O 6. Be3 e5 7. Nge2 c6 8. Qd2 a6
9. O-O-O Qa5 10. Kb1 b5 11. Nc1 exd4 12. Bxd4 b4 13. N3e2 c5 14. Be3 Ne8 15. h4
Nc6 16. Nf4 Ra7 17. Nd5 Rb7 18. h5 Be6 19. f4 b3 20. Nxb3 Rxb3 21. Ne7+ Nxe7
22. Qxa5 Rxb2+ 23. Kc1 Nc6 24. Qa4 Nb4 25. Rd2 Nxa2+ 26. Qxa2 Rxa2 27. Rxa2 Nf6
28. hxg6 fxg6 29. Bd3 Ng4 30. Kd2 Rb8 31. Rc1 Rb3 32. Rxa6 Nxe3 33. Kxe3 Bd4+
34. Kd2 Rb2+ 35. Rc2 Rb1 36. Rxd6 Bg4 37. Be2 Bxe2 38. Kxe2 Rb3 39. e5 Re3+ 40.
Kf1 Re4 41. g3 Re3 42. Kg2 Re1 43. Rd7 Rg1+ 44. Kf3 1-0

[Event "County match"]
[Site "?"]
[Date "1986.02.01"]
[Round "?"]
[White "Stebbings, A."]
[Black "Rice, P."]
[Result "1/2-1/2"]
[WhiteElo "2240"]
[BlackElo "2040"]
[PlyCount "80"]
[EventDate "1986.??.??"]

1. d4 Nf6 2. c4 g6 3. Nc3 Bg7 4. e4 d6 5. f3 O-O 6. Be3 Nc6 7. Nge2 Rb8 8. Qd2
a6 9. h4 h5 10. O-O-O b5 11. Bh6 bxc4 12. g4 Nxg4 13. fxg4 Bxg4 14. Bxg7 Kxg7
15. Qe3 e5 16. d5 Nb4 17. Rd2 Nd3+ 18. Kb1 c5 19. Nc1 Qa5 20. Nxd3 Qxc3 21. Rc2
Qa3 22. Ka1 cxd3 23. bxa3 dxc2 24. Be2 Rb6 25. Qd2 Rfb8 26. Qxc2 Rb2 27. Qxb2
Rxb2 28. Bxg4 Rf2 29. Bd1 Kh6 30. Kb1 f5 31. exf5 gxf5 32. Rg1 Rd2 33. Bc2 e4
34. Rg5 Rf2 35. Bd1 f4 36. Rxh5+ Kg6 37. Rg5+ Kf6 38. Bc2 e3 39. Rf5+ Ke7 40.
Bd1 e2 1/2-1/2

[Event "London league"]
[Site "?"]
[Date "1986.02.12"]
[Round "?"]
[White "Hodgson, JH."]
[Black "Stebbings, A."]
[Result "0-1"]
[WhiteElo "2168"]
[BlackElo "2240"]
[PlyCount "136"]
[EventDate "1986.??.??"]

1. e4 c5 2. c3 Nf6 3. e5 Nd5 4. d4 cxd4 5. Nf3 e6 6. cxd4 d6 7. a3 Bd7 8. Bd3
Bc6 9. O-O Be7 10. b4 Nb6 11. Nc3 dxe5 12. dxe5 N8d7 13. Bf4 a5 14. b5 Nc5 15.
bxc6 Qxd3 16. Qxd3 Nxd3 17. cxb7 Rb8 18. Bg3 Rxb7 19. Nd2 Nd7 20. Rfb1 Rxb1+
21. Rxb1 Bxa3 22. Rb5 Bb4 23. Nce4 O-O 24. Kf1 Rb8 25. Rxb8+ Nxb8 26. Ke2 Nb2
27. Nb1 a4 28. Nec3 Nc6 29. Na2 Bc5 30. f4 f6 31. exf6 gxf6 32. Bf2 Bxf2 33.
Kxf2 Nc4 34. Ke2 Kf7 35. Kd3 Nb6 36. Ke4 Ke7 37. g4 Kd6 38. h4 Ne7 39. Nac3 f5+
40. Kf3 Kc5 41. h5 Kb4 42. Kg3 Nbd5 43. Ne2 fxg4 44. Kxg4 Nf5 45. Nc1 Nf6+ 46.
Kg5 Ne4+ 47. Kg4 Nf6+ 48. Kg5 Ne4+ 49. Kg4 a3 50. Kf3 Nc5 51. Kg4 h6 52. Kf3
Ng7 53. Kg4 Nf5 54. Kf3 Ng7 55. Kg4 Na4 56. Nd3+ Kb3 57. Nxa3 Kxa3 58. Ne5 Nc5
59. Nf7 Nf5 60. Nxh6 Nxh6+ 61. Kg5 Nf5 62. h6 Nxh6 63. Kxh6 Nb3 64. Kg6 Nd4 65.
Kf6 Kb4 66. Ke5 Kc3 67. Ke4 Kc4 68. Ke5 Kd3 0-1

[Event "Eastman cup"]
[Site "London"]
[Date "1986.02.19"]
[Round "?"]
[White "Ady, J."]
[Black "Stebbings, A."]
[Result "1-0"]
[WhiteElo "2304"]
[BlackElo "2240"]
[PlyCount "49"]
[EventDate "1986.??.??"]

1. e4 c5 2. Nf3 e6 3. d4 cxd4 4. Nxd4 Nc6 5. Nc3 a6 6. Be2 Qc7 7. O-O Nf6 8.
Kh1 Bb4 9. Qd3 Nxd4 10. Qxd4 Bc5 11. Qd3 b5 12. f4 h5 13. Qg3 Rh7 14. e5 Ng4
15. Qh3 Nh6 16. f5 Nxf5 17. Rxf5 exf5 18. Qxf5 Rh8 19. Nd5 Qa5 20. Bg5 d6 21.
Qe4 Ra7 22. b4 Qa4 23. exd6+ Be6 24. Nc7+ Kd7 25. Bf3 1-0

[Event "Essex league"]
[Site "?"]
[Date "1986.02.20"]
[Round "?"]
[White "Stebbings, A."]
[Black "Bowden, K."]
[Result "1/2-1/2"]
[WhiteElo "2240"]
[BlackElo "2368"]
[PlyCount "72"]
[EventDate "1986.??.??"]

1. e4 e6 2. d4 d5 3. Nd2 c5 4. exd5 Qxd5 5. Ngf3 cxd4 6. Bc4 Qd6 7. O-O Nf6 8.
Nb3 Nc6 9. Nbxd4 Nxd4 10. Nxd4 a6 11. b3 Qc7 12. Bb2 Bd6 13. h3 O-O 14. Nf3 b5
15. Bd3 Bb7 16. c4 Rfd8 17. Qe2 bxc4 18. Bxc4 Nd5 19. Ng5 h6 20. Ne4 Bh2+ 21.
Kh1 Be5 22. Bxe5 Qxe5 23. Nc5 Qxe2 24. Bxe2 Bc6 25. Bf3 Nb4 26. Bxc6 Nxc6 27.
Rfd1 Rxd1+ 28. Rxd1 Nb4 29. Rd6 a5 30. a3 Nc2 31. a4 Nb4 32. Kh2 Kf8 33. Rd7
Nd5 34. Rb7 Nb4 35. Ne4 Rd8 36. Rb5 Rd5 1/2-1/2

[Event "London league"]
[Site "?"]
[Date "1986.02.24"]
[Round "?"]
[White "Stebbings, A."]
[Black "Hodgson, JM."]
[Result "0-1"]
[WhiteElo "2240"]
[BlackElo "2488"]
[PlyCount "98"]
[EventDate "1986.??.??"]

1. d4 Nf6 2. c4 c5 3. Nf3 cxd4 4. Nxd4 b6 5. Nc3 Bb7 6. Bg5 a6 7. Bxf6 gxf6 8.
e4 e6 9. Be2 Bb4 10. Qd3 Nc6 11. Nxc6 Bxc6 12. O-O Bxc3 13. bxc3 Qc7 14. f4 Rg8
15. Rf2 Rc8 16. Qd4 Ke7 17. e5 Rg6 18. f5 exf5 19. Bh5 Qxe5 20. Re2 Be4 21.
Bxg6 Qxd4+ 22. cxd4 fxg6 23. Rb1 Rxc4 24. Rxb6 a5 25. Ra6 a4 26. Rd2 f4 27. Kf2
g5 28. Rb6 h5 29. Rb5 Ke6 30. Rc5 Rb4 31. Ra5 d5 32. Ra8 Rc4 33. Rh8 h4 34. g3
hxg3+ 35. hxg3 fxg3+ 36. Kxg3 Rc3+ 37. Kh2 g4 38. Rg8 Rh3+ 39. Kg1 g3 40. Kf1
Bf3 41. Rg2 Bxg2+ 42. Kxg2 Rh2+ 43. Kxg3 Rxa2 44. Ra8 Kf5 45. Ra6 a3 46. Kf3
Ra1 47. Ra4 a2 48. Kg2 Ke4 49. Kh2 f5 0-1

[Event "County match"]
[Site "?"]
[Date "1986.03.01"]
[Round "?"]
[White "Stebbings, A."]
[Black "Blackwell, C."]
[Result "0-1"]
[WhiteElo "2240"]
[BlackElo "2008"]
[PlyCount "80"]
[EventDate "1986.??.??"]

1. e4 c6 2. d4 d5 3. exd5 cxd5 4. c4 Nf6 5. Nc3 e6 6. Nf3 Be7 7. cxd5 Nxd5 8.
Bd3 O-O 9. O-O Nc6 10. Re1 Qd6 11. a3 Bd7 12. Nb5 Qb8 13. Ne5 Nxe5 14. dxe5
Bxb5 15. Bxb5 Qc7 16. Bd3 Rfd8 17. Qe2 Rd7 18. Qe4 g6 19. Bh6 Qb6 20. Re2 Rad8
21. Rd1 Nc3 22. bxc3 Rxd3 23. Rxd3 Qb1+ 24. Re1 Qxd3 25. Qxb7 Qxc3 26. Rb1 Bxa3
27. g3 Bc5 28. Bg5 Re8 29. Qd7 Rf8 30. Bh6 Bxf2+ 31. Kxf2 Qc2+ 32. Ke3 Qxb1 33.
Bxf8 Qe1+ 34. Kf3 Qf1+ 35. Ke3 Kxf8 36. h4 Kg7 37. Qe7 Qe1+ 38. Kf4 Qf2+ 39.
Ke4 Qe2+ 40. Kf4 Qf2+ 0-1

[Event "Essex league"]
[Site "?"]
[Date "1986.03.12"]
[Round "?"]
[White "Stebbings, A."]
[Black "Coleman, D."]
[Result "1-0"]
[WhiteElo "2240"]
[BlackElo "2208"]
[PlyCount "73"]
[EventDate "1986.??.??"]

1. d4 Nf6 2. c3 g6 3. Bg5 Bg7 4. e3 d6 5. Bd3 O-O 6. Nd2 e5 7. Ne2 Nbd7 8. O-O
h6 9. Bh4 Qe8 10. Re1 Nh7 11. Kh1 Ndf6 12. b4 h5 13. Bg3 e4 14. Bc2 Bf5 15. c4
Qe7 16. Qb1 Rfe8 17. a4 Ng4 18. h3 Ngf6 19. Nc3 c6 20. f3 d5 21. cxd5 cxd5 22.
fxe4 dxe4 23. Bb3 Red8 24. Qa2 Rac8 25. Rac1 Ne8 26. b5 Nhf6 27. Bf4 Qd7 28.
Kh2 Nd6 29. Rc2 Nh7 30. Kg1 Bf8 31. Rec1 Re8 32. Nc4 Nxc4 33. Bxc4 Bg7 34. Ne2
g5 35. Bh2 g4 36. Rf1 Bg6 37. Nf4 1-0

[Event "County match"]
[Site "?"]
[Date "1986.03.15"]
[Round "?"]
[White "Hackman, P."]
[Black "Stebbings, A."]
[Result "1/2-1/2"]
[WhiteElo "2064"]
[BlackElo "2240"]
[PlyCount "64"]
[EventDate "1986.??.??"]

1. e4 c5 2. Nf3 e6 3. d3 Nc6 4. g3 d5 5. Nbd2 Bd6 6. Bg2 Nge7 7. O-O O-O 8. Re1
Bc7 9. Nf1 a5 10. h4 f5 11. e5 Ng6 12. Bf4 Nxf4 13. gxf4 b5 14. c4 Rb8 15. cxd5
Qxd5 16. Rc1 Nd4 17. Ng5 Qxa2 18. Qh5 h6 19. Qg6 hxg5 20. hxg5 Bb7 21. Bxb7
Rxb7 22. Qh5 Qd5 23. Re3 Bb6 24. g6 Re8 25. Rh3 Kf8 26. Ne3 Qc6 27. Nc2 Nb3 28.
Qg5 Kg8 29. Qh5 Kf8 30. Qg5 Kg8 31. Re1 Rd7 32. Qh4 Kf8 1/2-1/2

[Event "National Club ch."]
[Site "?"]
[Date "1986.03.16"]
[Round "?"]
[White "Stebbings, A."]
[Black "McNab, C."]
[Result "0-1"]
[WhiteElo "2240"]
[BlackElo "2352"]
[PlyCount "62"]
[EventDate "1986.??.??"]

1. d4 d6 2. e4 g6 3. c3 Nf6 4. Bd3 Bg7 5. f4 e5 6. Nf3 exf4 7. Bxf4 O-O 8. O-O
c5 9. Nbd2 cxd4 10. cxd4 Nc6 11. Re1 Nh5 12. Be3 d5 13. e5 f6 14. exf6 Nxf6 15.
h3 Nh5 16. Qb3 Kh8 17. Bf2 Nf4 18. Bf1 Qd6 19. Rad1 Bf5 20. Ne5 Ne6 21. Qxb7
Ncxd4 22. Nf7+ Rxf7 23. Qxf7 Bc2 24. Rc1 Rf8 25. Qxa7 Rxf2 26. Kxf2 Qf4+ 27.
Nf3 Nxf3 28. Qa8+ Nf8 29. gxf3 Bd4+ 30. Re3 Qxe3+ 31. Kg3 Qg5+ 0-1

[Event "Kent league"]
[Site "?"]
[Date "1986.03.20"]
[Round "?"]
[White "Stebbings, A."]
[Black "Anderson, J."]
[Result "1-0"]
[WhiteElo "2240"]
[BlackElo "2128"]
[PlyCount "82"]
[EventDate "1986.??.??"]

1. e4 c5 2. Nf3 e6 3. d4 cxd4 4. Nxd4 Nf6 5. Nc3 Nc6 6. Ndb5 d6 7. Bf4 e5 8.
Bg5 a6 9. Na3 b5 10. Nd5 Be7 11. Bxf6 Bxf6 12. c3 Bg5 13. Nc2 Rb8 14. Be2 O-O
15. O-O Kh8 16. Qd3 Be6 17. Nce3 Ne7 18. Rfd1 Bxd5 19. Nxd5 Nxd5 20. Qxd5 Be7
21. b4 f5 22. exf5 Rxf5 23. Rd3 Qb6 24. Rf3 Rxf3 25. Bxf3 Rc8 26. Rc1 Bg5 27.
Rc2 a5 28. a3 Qa6 29. g3 g6 30. Kg2 axb4 31. axb4 Qb6 32. Be4 Kg7 33. Bd3 Qc6
34. Qxc6 Rxc6 35. Bxb5 Rc7 36. h4 Be7 37. c4 d5 38. c5 e4 39. Rd2 Rb7 40. c6
Rc7 41. Rd4 Kf6 1-0

[Event "Essex league"]
[Site "?"]
[Date "1986.03.25"]
[Round "?"]
[White "Marden, L."]
[Black "Stebbings, A."]
[Result "0-1"]
[WhiteElo "1912"]
[BlackElo "2240"]
[PlyCount "42"]
[EventDate "1986.??.??"]

1. d4 Nf6 2. c4 e6 3. Nf3 Bb4+ 4. Nc3 b6 5. g3 Bb7 6. Bg2 c5 7. dxc5 bxc5 8.
Bd2 d6 9. O-O O-O 10. Ne1 Bxg2 11. Nxg2 Nc6 12. f4 d5 13. cxd5 exd5 14. Qc2 Re8
15. Rfe1 Rc8 16. Qd1 d4 17. Nb1 c4 18. Bxb4 Nxb4 19. a3 Nc6 20. e3 Qb6 21. exd4
Nxd4 0-1

[Event "Tournament: Folkestone Open"]
[Site "?"]
[Date "1986.03.28"]
[Round "?"]
[White "Stebbings, A."]
[Black "Rety, J."]
[Result "1-0"]
[WhiteElo "2240"]
[BlackElo "1824"]
[PlyCount "91"]
[EventDate "1986.??.??"]

1. e4 c5 2. Nf3 d6 3. d4 cxd4 4. Nxd4 Nf6 5. Nc3 a6 6. f4 g6 7. Nf3 Bg7 8. e5
Ng4 9. h3 Nh6 10. g4 Nc6 11. Be3 Bd7 12. Qd2 dxe5 13. fxe5 Ng8 14. Bf4 Be6 15.
Qe3 Qa5 16. Bg2 Nb4 17. Qe4 Bd5 18. Nxd5 Nxd5+ 19. Bd2 Qc5 20. c4 Nc7 21. Qxb7
Bxe5 22. Nxe5 Qxe5+ 23. Kf2 Nf6 24. Rhe1 Qd6 25. Qc6+ Qd7 26. Qxd7+ Kxd7 27.
Bxa8 Rxa8 28. Rad1 Ke8 29. Bg5 Ng8 30. b4 Ne6 31. Bh4 Nf4 32. Kf3 Ne6 33. c5
Rc8 34. Re2 g5 35. Bg3 Nf6 36. Rc2 Nd8 37. a4 e6 38. b5 axb5 39. axb5 Nd5 40.
c6 Ke7 41. Rb1 Nb6 42. Bf2 Nd7 43. Rcc1 Ne5+ 44. Ke4 f6 45. Bg3 Nef7 46. b6 1-0

[Event "Tournament: Folkestone Open"]
[Site "?"]
[Date "1986.03.28"]
[Round "?"]
[White "Howell, C."]
[Black "Stebbings, A."]
[Result "0-1"]
[WhiteElo "2000"]
[BlackElo "2240"]
[PlyCount "70"]
[EventDate "1986.??.??"]

1. e4 c5 2. c3 Nf6 3. e5 Nd5 4. d4 cxd4 5. cxd4 d6 6. Nf3 e6 7. Nc3 Nxc3 8.
bxc3 Qc7 9. Qb3 Nc6 10. Bb5 Bd7 11. Bf4 Be7 12. exd6 Bxd6 13. Bxd6 Qxd6 14. O-O
O-O 15. Rfd1 Rac8 16. Rac1 Na5 17. Qa4 Bxb5 18. Qxb5 Qd5 19. a4 Rc7 20. Re1
Qxb5 21. axb5 Rfc8 22. Re3 Nc4 23. Re2 Nd6 24. b6 axb6 25. Rb1 b5 26. h3 Rxc3
27. Ra2 Rc1+ 28. Rxc1 Rxc1+ 29. Kh2 Kf8 30. Ne5 Ke7 31. Ra7 Rd1 32. f4 b4 33.
Nc6+ Kd7 34. Nxb4 Rxd4 35. Na6 Kc6 0-1

[Event "Tournament: Folkestone Open"]
[Site "?"]
[Date "1986.03.29"]
[Round "?"]
[White "Stebbings, A."]
[Black "Smith, AP."]
[Result "0-1"]
[WhiteElo "2240"]
[BlackElo "2120"]
[PlyCount "48"]
[EventDate "1986.??.??"]

1. e4 e5 2. Nf3 Nc6 3. Bb5 g6 4. c3 d6 5. d4 Bd7 6. O-O Bg7 7. dxe5 Nxe5 8. Nd4
Bxb5 9. Nxb5 Nf6 10. Qc2 O-O 11. h3 Re8 12. Bf4 Nh5 13. Bh2 Nf3+ 14. Kh1 Nxh2
15. Kxh2 Qe7 16. Qb3 Qxe4 17. g3 Qd3 18. Kg2 Nxg3 19. Rd1 Qe4+ 20. Kxg3 Be5+
21. f4 Bxf4+ 22. Kf2 Qe2+ 23. Kg1 Bh2+ 24. Kh1 Qf3+ 0-1

[Event "Tournament: Folkestone Open"]
[Site "?"]
[Date "1986.03.29"]
[Round "?"]
[White "Cook, M."]
[Black "Stebbings, A."]
[Result "0-1"]
[WhiteElo "2136"]
[BlackElo "2240"]
[PlyCount "112"]
[EventDate "1986.??.??"]

1. d4 Nf6 2. c4 e6 3. Nf3 Bb4+ 4. Nbd2 b6 5. e3 Bb7 6. Bd3 O-O 7. O-O d5 8. Ne5
Bd6 9. f4 dxc4 10. Bxc4 c5 11. Ndf3 cxd4 12. exd4 Nd5 13. Qe2 Nd7 14. Bd2 N7f6
15. Rad1 Rc8 16. Bd3 Nb4 17. Bxb4 Bxb4 18. f5 exf5 19. Bxf5 Rc7 20. a3 Bd6 21.
Bb1 Re8 22. Nh4 Qe7 23. Nf5 Qe6 24. Nxd6 Qxd6 25. Ba2 Bd5 26. Bxd5 Nxd5 27. Qb5
Ree7 28. Rde1 g6 29. Ng4 Kg7 30. Re5 Rcd7 31. Rfe1 f6 32. Rxe7+ Nxe7 33. Qc4
Nf5 34. d5 Qxd5 35. Qxd5 Rxd5 36. Ne3 Nxe3 37. Rxe3 Kf7 38. Kf1 Rd2 39. b4 Ra2
40. h4 f5 41. Kg1 Kf6 42. Kh2 f4 43. Rc3 h6 44. Kh3 Kf5 45. g3 g5 46. hxg5 hxg5
47. gxf4 gxf4 48. Rd3 Re2 49. Rd7 Re3+ 50. Kh4 Rxa3 51. Rf7+ Ke4 52. Re7+ Kf3
53. Kg5 Kg3 54. Kf5 f3 55. Ke4 f2 56. Rg7+ Kh2 0-1

[Event "Tournament: Folkestone Open"]
[Site "?"]
[Date "1986.03.30"]
[Round "?"]
[White "Barrett, S."]
[Black "Stebbings, A."]
[Result "0-1"]
[WhiteElo "2112"]
[BlackElo "2240"]
[PlyCount "44"]
[EventDate "1986.??.??"]

1. d4 Nf6 2. c4 e6 3. Nc3 Bb4 4. g3 c5 5. Nf3 Bxc3+ 6. bxc3 Qa5 7. Qd3 b6 8.
Bg2 Ba6 9. Ne5 d5 10. O-O Nbd7 11. Qe3 O-O 12. Bd2 Qa4 13. dxc5 Nxc5 14. Rfb1
Rad8 15. Rb4 Qc2 16. Be1 dxc4 17. Nxc4 Rd1 18. Rxd1 Qxd1 19. Qd2 Rd8 20. Qxd1
Rxd1 21. Kf1 Ng4 22. Nxb6 Nd3 0-1

[Event "Tournament: Folkestone Open"]
[Site "?"]
[Date "1986.03.30"]
[Round "?"]
[White "Stebbings, A."]
[Black "Sadler, M."]
[Result "1-0"]
[WhiteElo "2240"]
[BlackElo "2032"]
[PlyCount "115"]
[EventDate "1986.??.??"]

1. d4 Nf6 2. c4 e6 3. Nc3 Bb4 4. e3 c5 5. Nge2 O-O 6. a3 cxd4 7. axb4 dxc3 8.
Nxc3 d5 9. cxd5 Nxd5 10. Nxd5 exd5 11. Be2 Be6 12. O-O Nc6 13. b5 Ne7 14. Bd2
Nf5 15. Bc3 f6 16. Qd3 Qd7 17. Rfd1 Nd6 18. Bb4 Rfd8 19. Bxd6 Qxd6 20. Qd4 b6
21. Bf3 Qd7 22. e4 dxe4 23. Qxe4 Qf7 24. Qxa8 Rxa8 25. Bxa8 h5 26. Ra3 Kh7 27.
Rda1 Qd7 28. Bc6 Qd2 29. Rxa7 Qxb2 30. h3 Qe5 31. Rd1 Qe2 32. Raa1 Bf5 33. Re1
Qb2 34. Rad1 h4 35. Be4 Bxe4 36. Rxe4 Qxb5 37. Rxh4+ Kg6 38. Re4 Qc6 39. Rb4 b5
40. Rdb1 Kh6 41. Rxb5 Kg6 42. R5b4 Qd5 43. R1b3 Kh7 44. Rh4+ Kg8 45. Rg3 f5 46.
Rf4 Qe5 47. Rgf3 Qe1+ 48. Kh2 Qe5 49. h4 g6 50. g3 Qe7 51. Kg2 Qh7 52. Rb4 Qe7
53. Rfb3 Qe5 54. Rd3 Kh7 55. h5 Qe2 56. Rd6 Kh6 57. hxg6 Qe7 58. Rh4+ 1-0

[Event "Essex league"]
[Site "?"]
[Date "1986.04.03"]
[Round "?"]
[White "Manley, J."]
[Black "Stebbings, A."]
[Result "1/2-1/2"]
[WhiteElo "2120"]
[BlackElo "2240"]
[PlyCount "41"]
[EventDate "1986.??.??"]

1. d4 Nf6 2. Nc3 d5 3. Bg5 Nbd7 4. Nf3 e6 5. e3 c5 6. Bd3 h6 7. Bh4 c4 8. Be2
Bb4 9. O-O Bxc3 10. bxc3 Qa5 11. Ne5 Qxc3 12. Qc1 Nxe5 13. dxe5 Ne4 14. f3 Nd2
15. Re1 O-O 16. Bf2 Bd7 17. Rd1 Nxf3+ 18. Bxf3 Qxe5 19. Rd4 Bc6 20. c3 Rfd8 21.
Qb2 1/2-1/2

[Event "London league"]
[Site "?"]
[Date "1986.04.07"]
[Round "?"]
[White "Law, A."]
[Black "Stebbings, A."]
[Result "1/2-1/2"]
[WhiteElo "2352"]
[BlackElo "2240"]
[PlyCount "45"]
[EventDate "1986.??.??"]

1. e4 c5 2. Nf3 e6 3. d4 cxd4 4. Nxd4 Nc6 5. Nc3 a6 6. Be2 Qc7 7. O-O Nf6 8.
Kh1 Bb4 9. Bg5 d6 10. Bxf6 gxf6 11. f4 Nxd4 12. Qxd4 Bxc3 13. bxc3 e5 14. Qb4
Be6 15. Rad1 Ke7 16. c4 Rac8 17. Qe1 Qc5 18. Qh4 exf4 19. Rxf4 Qg5 20. Qf2 Rhg8
21. g3 Rc7 22. Rh4 Qe5 23. Kg2 1/2-1/2